O Jacklavais ataca à sexta-feira (Registo nº 3661)

Detalhes MARC
000 -Etiqueta do registo
Cabeçalho 00765nam a2200265 4500
005 - Identificador da versão
Campo de controlo 20240813122039.0
095 ## -
-- PTBN00399860
010 ## - Número internacional normalizado dos livros (ISBN)
Número (ISBN) 972070232X
021 ## - Número do Depósito Legal
Código do país PT
Número 60551/92
100 ## - Dados gerais de processamento
Dados gerais de processamento 19921123d1992 am y0pory5003 ba
102 ## - Pais de publicação ou produção
País de publicação Portugal
101 0# - Língua de publicação
Língua do texto, banda sonora, etc. Português
215 ## - Descrição física 
Indicação específica da natureza do documento e extensão da espécie 63 p.
Outras indicações físicas il.
Dimensões 18 cm
200 1# - Titulo e menção de responsabilidade
Título próprio O Jacklavais ataca à sexta-feira
Primeira menção de responsabilidade José Vaz
Outras menções de responsabilidade il.João Caetano
225 1# - Colecção 
Título próprio da colecção Bolso infantil
Indicação de volume 2
210 ## - Publicação, Distribuição, etc. 
Lugar da edição, distribuição, etc. Porto
Nome do editor, distribuidor, etc. Porto Ed.
Data da publicação, distribuição, etc. D.L. 1992
606 ## - Nome comum usado como assunto
Número de registo de entrada de autoridade 0000008
Palavra de ordem Literatura portuguesa
Subdivisão de assunto Romances de aventuras|2CA
675 ## - Classificação Decimal Universal (CDU)
Notação 821.134.3-311.3
Edição 3ª ed.
Língua da edição por
702 #1 - Nome de autor-pessoa física (responsabilidade secundária)
Número de registo de entrada de autoridade 0000004
Palavra de ordem Caetano
Outra parte do nome não tomada para palavra de ordem João
Código de função Ilustrador / Técnico de desenho computorizado
700 #1 - Nome de autor-pessoa física (responsabilidade principal)
Número de registo de entrada de autoridade 0000003
Palavra de ordem Vaz
Outra parte do nome não tomada para palavra de ordem José
Datas 1940-
966 ## - Identificação da Biblioteca
Sigla EBVendas
942 ## - Elementos de entrada adicionados (Koha)
Tipo de item no Koha Livro
Exemplares
Situação do levantamento Origin of item (home branch) (coded) Biblioteca de empréstimo Código de barras Cota Circulation type (not for loan) Tipo de documento Nota do exemplar Damaged status
  Biblioteca Escolar das Vendas Biblioteca Escolar das Vendas BEV528 8 POR VAZ   Livro Sem mensagem